Giáo trình nguyên lý hệ điều hành

সংরক্ষণ করুন:
গ্রন্থ-পঞ্জীর বিবরন
প্রধান লেখক: Đặng, Vũ Tùng
বিন্যাস: গ্রন্থ
ভাষা:Undetermined
প্রকাশিত: Hà Nội Nhà xuất bản Hà Nội 2005
বিষয়গুলি:
ট্যাগগুলো: ট্যাগ যুক্ত করুন
কোনো ট্যাগ নেই, প্রথমজন হিসাবে ট্যাগ করুন!
Thư viện lưu trữ: Trung tâm Học liệu Trường Đại học Cần Thơ
LEADER 00563nam a2200193Ia 4500
001 CTU_96106
008 210402s9999 xx 000 0 und d
020 |c 21500 
082 |a 005.43 
082 |b T513 
100 |a Đặng, Vũ Tùng 
245 0 |a Giáo trình nguyên lý hệ điều hành 
245 0 |c Đặng Vũ Tùng 
260 |a Hà Nội 
260 |b Nhà xuất bản Hà Nội 
260 |c 2005 
650 |a Operating systems (Computers) 
904 |i Truc 
980 |a Trung tâm Học liệu Trường Đại học Cần Thơ